000 00672nam a2200205 i 4500
001 79243
003 ES-MaACL
005 20250806051729.0
007 t|
008 041020s1904 fr ||||1| fre d
100 1 _aHéricourt, Jules.
_962717
245 1 4 _aLes frontières de la maladie
_b: maladies latentes et maladies atténuées /
_cJ. Héricourt.
260 _aParis :
_bFlammarion,
_c1904 (
_fHemmerlé)
300 _aXI, 281 p. ;
_c19 cm.
490 1 _aBibliothèque de philosophie scientifique
650 0 7 _aEnfermedades
_2embne
_912257
830 0 _aBibliothèque de philosophie scientifique
_9181135
852 _aES-MaACL
_jF-6181
999 _c79243
_d79243